| 000 | 00925nam a2200241 a 4500 | ||
|---|---|---|---|
| 001 | 47620 | ||
| 003 | BD-RjUL | ||
| 005 | 20211209054344.0 | ||
| 008 | 160809s2004 bg ||||| |||| 00| 0 ben d | ||
| 020 |
_a9840744305 _c: Tk. 50.00 |
||
| 035 | _a(BD-RjUL) | ||
| 040 |
_aBD-RjUL _bben _cBD-RjUL |
||
| 041 | _aben | ||
| 082 |
_a398.154923 _bCHI 2004 |
||
| 245 | 0 | 0 |
_aচট্টগ্রামের ধাঁধার ছড়া : _bভাংগো কিসসা / _cসংগ্রহ ও সম্পাদনা রেহানা বেগম |
| 260 |
_aঢাকা : _bবাংলা একাডেমী, _c২০০৪ |
||
| 300 |
_a৪৭ পৃ. ; _c২১ সেমি. |
||
| 490 |
_aবাএ ; _v৪৪২১ |
||
| 650 |
_aলোকছড়া _zচট্টগ্রাম _9144715 |
||
| 650 |
_aFolk Poetry _zChittagong _9144716 |
||
| 700 |
_aবেগম, রেহানা _9144717 |
||
| 942 |
_2ddc _cBK |
||
| 999 |
_c47620 _d47620 |
||